<?xml version="1.0" encoding="UTF-8"?>
<record
    xmlns:xsi="http://www.w3.org/2001/XMLSchema-instance"
    xsi:schemaLocation="http://www.loc.gov/MARC21/slim http://www.loc.gov/standards/marcxml/schema/MARC21slim.xsd"
    xmlns="http://www.loc.gov/MARC21/slim">

  <leader>05763cam a22005534i 4500</leader>
  <controlfield tag="003">PE-LiUPU</controlfield>
  <controlfield tag="005">20250822102128.0</controlfield>
  <controlfield tag="008">1982    s1982    sp a    rb    001 0 spa d</controlfield>
  <datafield tag="020" ind1=" " ind2=" ">
    <subfield code="a">8430108572</subfield>
    <subfield code="q">(vol. I)</subfield>
  </datafield>
  <datafield tag="020" ind1=" " ind2=" ">
    <subfield code="a">8430108785</subfield>
    <subfield code="q">(vol. II)</subfield>
  </datafield>
  <datafield tag="020" ind1=" " ind2=" ">
    <subfield code="a">8430108963</subfield>
    <subfield code="q">(vol. III)</subfield>
  </datafield>
  <datafield tag="020" ind1=" " ind2=" ">
    <subfield code="a">8430109196</subfield>
    <subfield code="q">(vol. IV)</subfield>
  </datafield>
  <datafield tag="035" ind1=" " ind2=" ">
    <subfield code="a">PE-LiUPU00DICINT</subfield>
  </datafield>
  <datafield tag="040" ind1=" " ind2=" ">
    <subfield code="a">PE-LiUPU</subfield>
    <subfield code="b">spa</subfield>
    <subfield code="c">PE-LiUPU</subfield>
    <subfield code="e">rda</subfield>
  </datafield>
  <datafield tag="041" ind1="1" ind2=" ">
    <subfield code="a">spa</subfield>
    <subfield code="h">ita</subfield>
  </datafield>
  <datafield tag="082" ind1="0" ind2="4">
    <subfield code="a">230.03</subfield>
    <subfield code="b">D545</subfield>
    <subfield code="2">23</subfield>
  </datafield>
  <datafield tag="245" ind1="0" ind2="0">
    <subfield code="a">Diccionario teol&#xF3;gico interdisciplinar /</subfield>
    <subfield code="c">dirigido por Giuseppe Barbaglio, L. Pacomio, Fr. Ardusso, G. Ferretti, G. Ghiberti, G. Moioli, D. Mosso, G. Piana, L. Serenth&#xE0; ; traducci&#xF3;n de Alfonso Ortiz.</subfield>
  </datafield>
  <datafield tag="246" ind1="3" ind2=" ">
    <subfield code="a">Dizionario teologico interdisciplinare.</subfield>
  </datafield>
  <datafield tag="250" ind1=" " ind2=" ">
    <subfield code="a">Primera edici&#xF3;n en espa&#xF1;ol.</subfield>
  </datafield>
  <datafield tag="264" ind1=" " ind2="1">
    <subfield code="a">Salamanca :</subfield>
    <subfield code="b">Ediciones S&#xED;gueme,</subfield>
    <subfield code="c">1982.</subfield>
  </datafield>
  <datafield tag="300" ind1=" " ind2=" ">
    <subfield code="a">4 vol&#xFA;menes (varias paginaciones) :</subfield>
    <subfield code="b">ilustraciones ;</subfield>
    <subfield code="c">25 cm</subfield>
  </datafield>
  <datafield tag="336" ind1=" " ind2=" ">
    <subfield code="a">text</subfield>
    <subfield code="2">rdacontent</subfield>
  </datafield>
  <datafield tag="337" ind1=" " ind2=" ">
    <subfield code="a">unmediated</subfield>
    <subfield code="2">rdamedia</subfield>
  </datafield>
  <datafield tag="338" ind1=" " ind2=" ">
    <subfield code="a">volume</subfield>
    <subfield code="2">rdacarrier</subfield>
  </datafield>
  <datafield tag="490" ind1="0" ind2=" ">
    <subfield code="a">Verdad e imagen ;</subfield>
    <subfield code="v">66</subfield>
  </datafield>
  <datafield tag="500" ind1=" " ind2=" ">
    <subfield code="a">Traducci&#xF3;n del original italiano: *Dizionario teologico interdisciplinare* (Marietti, 1977).</subfield>
  </datafield>
  <datafield tag="500" ind1=" " ind2=" ">
    <subfield code="a">Cada volumen incluye &#xED;ndices y bibliograf&#xED;a al final de los art&#xED;culos.</subfield>
  </datafield>
  <datafield tag="504" ind1=" " ind2=" ">
    <subfield code="a">Incluye referencias bibliogr&#xE1;ficas.</subfield>
  </datafield>
  <datafield tag="505" ind1="0" ind2=" ">
    <subfield code="t">Volumen 1: </subfield>
    <subfield code="a">Condiciones actuales de las disciplinas teol&#xF3;gicas -- Vida de fe e provocaci&#xF3;n cultural -- Teolog&#xED;a espiritual -- Liturgia -- Derecho can&#xF3;nico -- Filosof&#xED;a de la religi&#xF3;n -- Teolog&#xED;a fundamental -- Acontecimiento cristiano y tradici&#xF3;n -- Teolog&#xED;a e historia de la iglesia -- Teolog&#xED;a dogm&#xE1;tica -- Teolog&#xED;a moral -- Acto humano -- Alma y cuerpo -- Amistad y amor -- Analog&#xED;a -- &#xC1;ngeles y demonios -- A&#xF1;o lit&#xFA;rgico -- Apocal&#xED;ptica como teolog&#xED;a -- Ap&#xF3;stol - apostolicidad de la iglesia -- Aristotelismo -- Asamblea lit&#xFA;rgica -- Ate&#xED;smo -- Atributos de Dios -- Bautismo -- Bienaventuranza - condenaci&#xF3;n. </subfield>
  </datafield>
  <datafield tag="505" ind1="0" ind2=" ">
    <subfield code="t">Volumen 2:</subfield>
    <subfield code="a">Carismas y ministerios -- Celebraci&#xF3;n - fiesta -- Cognoscibilidad de Dios -- Comunicaci&#xF3;n -- Comunidad primitiva -- Comuni&#xF3;n -- Conciencia -- Confirmaci&#xF3;n -- Conversi&#xF3;n -- Creaci&#xF3;n -- Credibilidad de la revelaci&#xF3;n cristiana -- Cristianismo: su trascendencia y sus pretensiones de absoluto -- Cristolog&#xED;a -- Culto -- Culto a los santos -- Culturas -- Deuteronomio -- Dios -- Dogma -- Eclesiolog&#xED;a -- Econom&#xED;a -- Ecumenismo -- Eucarist&#xED;a -- Ex&#xE9;gesis -- Ex&#xE9;gesis y hermen&#xE9;utica -- Existencia -- Existencialismo -- Familia -- Fe -- Fenomenolog&#xED;a -- Hermen&#xE9;utica y filosof&#xED;a -- Hermen&#xE9;utica y lenguaje.</subfield>
  </datafield>
  <datafield tag="505" ind1="0" ind2=" ">
    <subfield code="t">Volumen 3: </subfield>
    <subfield code="a">Historia de las religiones -- Historia (punto de vista filos&#xF3;fico) -- Historia-historicidad -- Hombre (antropolog&#xED;a filos&#xF3;fica) -- Hombre (antropolog&#xED;a teol&#xF3;gica) -- Ideolog&#xED;a -- Imagen -- Iniciaci&#xF3;n - catecumenado -- Jesucristo -- Juan -- Juego -- Justicia -- Justificaci&#xF3;n -- Laicado -- Ley moral -- Ley natural -- Liberaci&#xF3;n -- Libertad (aspecto hist&#xF3;rico-filos&#xF3;fico) -- Libertad (aspecto teol&#xF3;gico-moral) -- Liturgia de las horas -- Magisterio -- Mal -- Manipulaci&#xF3;n del hombre -- Mar&#xED;a -- Marxismo -- Matrimonio -- Mesianismo escatol&#xF3;gico y aparici&#xF3;n de Cristo -- Ministerio -- Misi&#xF3;n -- Misterios de Cristo -- Moral fundamental -- Moral especial -- Muerte -- Naturaleza -- Neopositivismo y filosof&#xED;a anal&#xED;tica -- Notas -- Opci&#xF3;n fundamental -- Oraci&#xF3;n -- Orden -- Pablo -- Pecado -- Pecado original -- Penitencia -- Persona -- Personalismo -- Pertenencia a la iglesia -- Platonismo -- Poder -- Pol&#xED;tica -- Pol&#xED;tica y teolog&#xED;a -- Praxis -- Predestinaci&#xF3;n -- Profetas del Antiguo Testamento -- Propiedad -- Prudencia -- Psicolog&#xED;a de la religi&#xF3;n -- Pudor -- Purgatorio.</subfield>
  </datafield>
  <datafield tag="505" ind1="0" ind2=" ">
    <subfield code="t">Volumen 4:</subfield>
    <subfield code="a">Redencionismo ilustrado -- Redenci&#xF3;n I. El gesto pascual del Redentor -- Redenci&#xF3;n II. La figura del Redentor -- Reflexi&#xF3;n sapiencial -- Religi&#xF3;n (fenomenolog&#xED;a de la) -- Religi&#xF3;n (en la moral) -- Religi&#xF3;n e historia -- Religi&#xF3;n (sociolog&#xED;a de la) -- Religi&#xF3;n (teolog&#xED;a de la) -- Resurrecci&#xF3;n de Cristo -- Resurrecci&#xF3;n e inmortalidad -- Retribuci&#xF3;n -- Revelaci&#xF3;n -- Rito -- Romanticismo -- Sacerdoctal -- Sacramentos -- Secularizaci&#xF3;n -- Sexualidad -- Signo-s&#xED;mbolo -- Sistemas morales -- Situaci&#xF3;n (&#xE9;tica de la) -- Sobrenatural -- Social -- Sociolog&#xED;a de la religi&#xF3;n -- Sustancia -- Teolog&#xED;a de la restauraci&#xF3;n del juda&#xED;smo incipiente -- Teolog&#xED;a de las religiones no cristianas -- Teolog&#xED;a de los sin&#xF3;pticos -- Teolog&#xED;a en la piedad, culto, oraci&#xF3;n, rito -- Teolog&#xED;a y filosof&#xED;a -- Trabajo -- Tradici&#xF3;n -- Trascendental -- Trinidad -- Unci&#xF3;n de los enfermos -- Utop&#xED;a -- Vida -- Vida consagrada -- Violencia y no-violencia -- Virtudes morales -- Yahvista y Elohista -- El desarrollo de la teolog&#xED;a cat&#xF3;lica en el siglo XX -- Perspectivas para una visi&#xF3;n org&#xE1;nica de la teolog&#xED;a.</subfield>
  </datafield>
  <datafield tag="650" ind1="1" ind2="4">
    <subfield code="a">Teolog&#xED;a dogm&#xE1;tica</subfield>
    <subfield code="x">Diccionarios</subfield>
    <subfield code="9">6006</subfield>
  </datafield>
  <datafield tag="700" ind1=" " ind2=" ">
    <subfield code="a">Ortiz, Alfonso,</subfield>
    <subfield code="e">traductor.</subfield>
    <subfield code="9">6579</subfield>
  </datafield>
  <datafield tag="700" ind1=" " ind2=" ">
    <subfield code="a">Barbaglio, Giuseppe,</subfield>
    <subfield code="e">editor.</subfield>
    <subfield code="9">6666</subfield>
  </datafield>
  <datafield tag="700" ind1=" " ind2=" ">
    <subfield code="a">Pacomio, Luciano,</subfield>
    <subfield code="e">editor.</subfield>
    <subfield code="9">6578</subfield>
  </datafield>
  <datafield tag="700" ind1=" " ind2=" ">
    <subfield code="a">Ardusso, Fiorenzo,</subfield>
    <subfield code="e">editor.</subfield>
    <subfield code="9">6667</subfield>
  </datafield>
  <datafield tag="700" ind1=" " ind2=" ">
    <subfield code="a">Ferretti, Giovanni,</subfield>
    <subfield code="e">editor.</subfield>
    <subfield code="9">6668</subfield>
  </datafield>
  <datafield tag="700" ind1=" " ind2=" ">
    <subfield code="a">Ghiberti, Gianfranco,</subfield>
    <subfield code="e">editor.</subfield>
    <subfield code="9">6669</subfield>
  </datafield>
  <datafield tag="700" ind1=" " ind2=" ">
    <subfield code="a">Moioli, Giovanni,</subfield>
    <subfield code="e">editor.</subfield>
    <subfield code="9">6670</subfield>
  </datafield>
  <datafield tag="700" ind1=" " ind2=" ">
    <subfield code="a">Mosso, Domenico,</subfield>
    <subfield code="e">editor.</subfield>
    <subfield code="9">6671</subfield>
  </datafield>
  <datafield tag="700" ind1="1" ind2=" ">
    <subfield code="a">Piana, Giannino,</subfield>
    <subfield code="e">editor.</subfield>
  </datafield>
  <datafield tag="700" ind1=" " ind2=" ">
    <subfield code="a">Serenth&#xE0;, Luigi,</subfield>
    <subfield code="e">editor.</subfield>
    <subfield code="9">6672</subfield>
  </datafield>
  <datafield tag="710" ind1=" " ind2=" ">
    <subfield code="a">Ediciones S&#xED;gueme,</subfield>
    <subfield code="e">editor.</subfield>
    <subfield code="9">6673</subfield>
  </datafield>
  <datafield tag="830" ind1=" " ind2="0">
    <subfield code="a">Diccionario teol&#xF3;gico interdisciplinar ;</subfield>
    <subfield code="v">Obra completa.</subfield>
  </datafield>
  <datafield tag="942" ind1=" " ind2=" ">
    <subfield code="2">ddc</subfield>
    <subfield code="c">BK</subfield>
    <subfield code="n">0</subfield>
  </datafield>
  <datafield tag="980" ind1=" " ind2=" ">
    <subfield code="6">18226</subfield>
    <subfield code="a">Jaime Vilcaz&#xE1;n Jefe de An&#xE1;lisis Documental</subfield>
    <subfield code="8">18226</subfield>
    <subfield code="g">Jaime Vilcaz&#xE1;n Jefe de An&#xE1;lisis Documental</subfield>
  </datafield>
  <datafield tag="999" ind1=" " ind2=" ">
    <subfield code="c">63034</subfield>
    <subfield code="d">63033</subfield>
  </datafield>
  <datafield tag="952" ind1=" " ind2=" ">
    <subfield code="r">2025-12-03 00:00:00</subfield>
    <subfield code="l">0</subfield>
    <subfield code="o">230.03 D545</subfield>
    <subfield code="p">22470</subfield>
    <subfield code="t">e1</subfield>
    <subfield code="v">25.00</subfield>
    <subfield code="w">2025-08-19</subfield>
    <subfield code="x">FACTEO</subfield>
    <subfield code="y">BK</subfield>
    <subfield code="1">0</subfield>
    <subfield code="2">ddc</subfield>
    <subfield code="3">v4</subfield>
    <subfield code="5">0</subfield>
    <subfield code="7">0</subfield>
    <subfield code="8">GEN</subfield>
    <subfield code="f">P35</subfield>
    <subfield code="a">BUL</subfield>
    <subfield code="b">BUL</subfield>
    <subfield code="c">GEN</subfield>
    <subfield code="d">1999-08-01</subfield>
    <subfield code="e">COMPRA</subfield>
    <subfield code="g">20.00</subfield>
  </datafield>
  <datafield tag="952" ind1=" " ind2=" ">
    <subfield code="r">2025-12-03 00:00:00</subfield>
    <subfield code="l">0</subfield>
    <subfield code="o">230.03 D545</subfield>
    <subfield code="p">34897</subfield>
    <subfield code="t">e2</subfield>
    <subfield code="v">25.00</subfield>
    <subfield code="w">2025-08-19</subfield>
    <subfield code="x">FACTEO</subfield>
    <subfield code="y">BK</subfield>
    <subfield code="1">0</subfield>
    <subfield code="2">ddc</subfield>
    <subfield code="3">v4</subfield>
    <subfield code="5">0</subfield>
    <subfield code="7">0</subfield>
    <subfield code="8">GEN</subfield>
    <subfield code="f">P35</subfield>
    <subfield code="a">BUL</subfield>
    <subfield code="b">BUL</subfield>
    <subfield code="c">GEN</subfield>
    <subfield code="d">1999-08-01</subfield>
    <subfield code="e">COMPRA</subfield>
    <subfield code="g">20.00</subfield>
  </datafield>
  <datafield tag="952" ind1=" " ind2=" ">
    <subfield code="r">2025-12-03 00:00:00</subfield>
    <subfield code="l">0</subfield>
    <subfield code="o">230.03 D545</subfield>
    <subfield code="p">21786</subfield>
    <subfield code="t">e1</subfield>
    <subfield code="v">25.00</subfield>
    <subfield code="w">2025-08-19</subfield>
    <subfield code="x">FACTEO</subfield>
    <subfield code="y">BK</subfield>
    <subfield code="1">0</subfield>
    <subfield code="2">ddc</subfield>
    <subfield code="3">v3</subfield>
    <subfield code="5">0</subfield>
    <subfield code="7">0</subfield>
    <subfield code="8">GEN</subfield>
    <subfield code="f">P35</subfield>
    <subfield code="a">BUL</subfield>
    <subfield code="b">BUL</subfield>
    <subfield code="c">GEN</subfield>
    <subfield code="d">1999-08-01</subfield>
    <subfield code="e">COMPRA</subfield>
    <subfield code="g">20.00</subfield>
  </datafield>
  <datafield tag="952" ind1=" " ind2=" ">
    <subfield code="r">2025-12-03 00:00:00</subfield>
    <subfield code="l">0</subfield>
    <subfield code="o">230.03 D545</subfield>
    <subfield code="p">34896</subfield>
    <subfield code="t">e2</subfield>
    <subfield code="v">25.00</subfield>
    <subfield code="w">2025-08-19</subfield>
    <subfield code="x">FACTEO</subfield>
    <subfield code="y">BK</subfield>
    <subfield code="1">0</subfield>
    <subfield code="2">ddc</subfield>
    <subfield code="3">v3</subfield>
    <subfield code="5">0</subfield>
    <subfield code="7">0</subfield>
    <subfield code="8">GEN</subfield>
    <subfield code="f">P35</subfield>
    <subfield code="a">BUL</subfield>
    <subfield code="b">BUL</subfield>
    <subfield code="c">GEN</subfield>
    <subfield code="d">1999-08-01</subfield>
    <subfield code="e">COMPRA</subfield>
    <subfield code="g">20.00</subfield>
  </datafield>
  <datafield tag="952" ind1=" " ind2=" ">
    <subfield code="r">2025-12-03 00:00:00</subfield>
    <subfield code="l">0</subfield>
    <subfield code="o">230.03 D545</subfield>
    <subfield code="p">34895</subfield>
    <subfield code="t">e2</subfield>
    <subfield code="v">25.00</subfield>
    <subfield code="w">2025-08-19</subfield>
    <subfield code="x">FACTEO</subfield>
    <subfield code="y">BK</subfield>
    <subfield code="1">0</subfield>
    <subfield code="2">ddc</subfield>
    <subfield code="3">v2</subfield>
    <subfield code="5">0</subfield>
    <subfield code="7">0</subfield>
    <subfield code="8">GEN</subfield>
    <subfield code="f">P35</subfield>
    <subfield code="a">BUL</subfield>
    <subfield code="b">BUL</subfield>
    <subfield code="c">GEN</subfield>
    <subfield code="d">1999-08-01</subfield>
    <subfield code="e">COMPRA</subfield>
    <subfield code="g">20.00</subfield>
  </datafield>
  <datafield tag="952" ind1=" " ind2=" ">
    <subfield code="r">2025-12-03 00:00:00</subfield>
    <subfield code="l">0</subfield>
    <subfield code="o">230.03 D545</subfield>
    <subfield code="p">21785</subfield>
    <subfield code="t">e1</subfield>
    <subfield code="v">25.00</subfield>
    <subfield code="w">2025-08-19</subfield>
    <subfield code="x">FACTEO</subfield>
    <subfield code="y">BK</subfield>
    <subfield code="1">0</subfield>
    <subfield code="2">ddc</subfield>
    <subfield code="3">v2</subfield>
    <subfield code="5">0</subfield>
    <subfield code="7">0</subfield>
    <subfield code="8">GEN</subfield>
    <subfield code="f">P35</subfield>
    <subfield code="a">BUL</subfield>
    <subfield code="b">BUL</subfield>
    <subfield code="c">GEN</subfield>
    <subfield code="d">1999-08-01</subfield>
    <subfield code="e">COMPRA</subfield>
    <subfield code="g">20.00</subfield>
  </datafield>
  <datafield tag="952" ind1=" " ind2=" ">
    <subfield code="r">2025-12-03 00:00:00</subfield>
    <subfield code="l">0</subfield>
    <subfield code="o">230.03 D545</subfield>
    <subfield code="p">21784</subfield>
    <subfield code="t">e1</subfield>
    <subfield code="v">25.00</subfield>
    <subfield code="w">2025-08-19</subfield>
    <subfield code="x">FACTEO</subfield>
    <subfield code="y">BK</subfield>
    <subfield code="1">0</subfield>
    <subfield code="2">ddc</subfield>
    <subfield code="3">v1</subfield>
    <subfield code="5">0</subfield>
    <subfield code="7">0</subfield>
    <subfield code="8">GEN</subfield>
    <subfield code="f">P35</subfield>
    <subfield code="a">BUL</subfield>
    <subfield code="b">BUL</subfield>
    <subfield code="c">GEN</subfield>
    <subfield code="d">1999-08-01</subfield>
    <subfield code="e">COMPRA</subfield>
    <subfield code="g">20.00</subfield>
  </datafield>
  <datafield tag="952" ind1=" " ind2=" ">
    <subfield code="r">2025-12-03 00:00:00</subfield>
    <subfield code="l">0</subfield>
    <subfield code="o">230.03 D545</subfield>
    <subfield code="p">34894</subfield>
    <subfield code="t">e2</subfield>
    <subfield code="v">25.00</subfield>
    <subfield code="w">2025-08-19</subfield>
    <subfield code="x">FACTEO</subfield>
    <subfield code="y">BK</subfield>
    <subfield code="1">0</subfield>
    <subfield code="2">ddc</subfield>
    <subfield code="3">v1</subfield>
    <subfield code="5">0</subfield>
    <subfield code="7">0</subfield>
    <subfield code="8">GEN</subfield>
    <subfield code="f">P35</subfield>
    <subfield code="a">BUL</subfield>
    <subfield code="b">BUL</subfield>
    <subfield code="c">GEN</subfield>
    <subfield code="d">1999-08-01</subfield>
    <subfield code="e">COMPRA</subfield>
    <subfield code="g">20.00</subfield>
  </datafield>
</record>
